Autoristarismo y alternativas populares en América Latina
Guardat en:
| Autor corporatiu: | |
|---|---|
| Format: | Text |
| Publicat: |
San José:
FLACSO
|
| Etiquetes: |
Afegir etiqueta
Sense etiquetes, Sigues el primer a etiquetar aquest registre!
|
MARC
| LEADER | 00000 a a2200000 04500 | ||
|---|---|---|---|
| 001 | 25723 | ||
| 003 | |||
| 040 | |||
| 020 | |a 84-89401-01-2 | ||
| 090 | |a 181907 | ||
| 110 | |a FLACSO | ||
| 245 | |a Autoristarismo y alternativas populares en América Latina | ||
| 260 | |a San José: |b FLACSO | ||
| 300 | |a 217 p. |b il. | ||
| 999 | |c 11389 |d 11389 | ||



